000 00543nam a2200205 a 4500
999 _c11350
_d11350
003 PK-NaQUE
005 20241029093813.0
008 241029b ||||| |||| 00| 0 eng d
020 _a0132225956 (paperback)
020 _a9780132225953 (paperback)
040 _cQUEST
100 1 _aMondy, Wayne.
245 1 0 _aHuman Resource Management /
250 _a10th ed.
260 _a[S.l.] :
_bPrentice Hall,
_c2010.
300 _a528 p. ;
650 _aHRM
856 4 0 _uhttp://10.10.170.122:8080/browse/book/5410
_yeBook
942 _cBK
_2ddc